| 000 | 00727nac a22002171u 4500 | ||
|---|---|---|---|
| 008 | 100913t1995 xxu||||| |||| 001 0 eng d | ||
| 010 | _a94025122 | ||
| 020 | _a0632038632 | ||
| 082 |
_a627 _bFEA _222 |
||
| 100 |
_aFeatherstone, R. E. _918854 |
||
| 245 |
_aCivil Engineering Hydraulics : _bEssential Theory with Worked Examples / _cR.E. Featherstone, C. Nalluri. |
||
| 250 | _a3rd ed. | ||
| 260 |
_aOxford : _bBlackwell Science, _c1995. |
||
| 300 |
_axi, 399 p. : _bill. ; _c24 cm. |
||
| 500 | _aPrevious ed.: Oxford : BSP Professional Books, 1988. | ||
| 500 | _aIncludes index. | ||
| 650 |
_aHydraulic engineering. _918855 |
||
| 650 |
_918856 _aHydraulics |
||
| 700 |
_aNalluri, C. _918857 |
||
| 942 |
_cBB _k627FEA _2ddc |
||
| 999 |
_c975 _d975 |
||